Central Library OPAC University of Rajshahi

شعوب الشرق الاقصي السوفييان ;; shueub alsharq alaqsii alsuwfyyan / (Record no. 82494)

MARC details
000 -LEADER
fixed length control field 00621nam a2200193 a 4500
001 - CONTROL NUMBER
control field 82494
003 - CONTROL NUMBER IDENTIFIER
rucl marc code BD-RjUL
005 - DATE AND TIME OF LATEST TRANSACTION
control field 20231219102245.0
008 - FIXED-LENGTH DATA ELEMENTS--GENERAL INFORMATION
fixed length control field 231219s1954 nyu||||| |||| 00| 0 ara d
035 ## - SYSTEM CONTROL NUMBER
System control number (BD-RjUL)82494
040 ## - CATALOGING SOURCE
Original cataloging agency BD-RjUL
Language of cataloging eng
Transcribing agency BD-RjUL
041 ## - LANGUAGE CODE
Language code of text/sound track or separate title ara
082 ## - DEWEY DECIMAL CLASSIFICATION NUMBER
Edition number 23
Classification number 305.809171
Author mark and year COS 1954
100 ## - MAIN ENTRY--PERSONAL NAME
Personal name كولارز, والتر ;; Collars, Walter
9 (RLIN) 10593
245 10 - TITLE STATEMENT
Title شعوب الشرق الاقصي السوفييان ;; shueub alsharq alaqsii alsuwfyyan /
Statement of responsibility, etc. ويلتر كولارز ;; Welter Collars
300 ## - PHYSICAL DESCRIPTION
Pagination 133 p.;
Size 22 cm.
650 ## - SUBJECT ADDED ENTRY--TOPICAL TERM
Topical term or geographic name as entry element Orient Ethnology
9 (RLIN) 10594
942 ## - ADDED ENTRY ELEMENTS (KOHA)
Source of classification or shelving scheme Dewey Decimal Classification
Koha item type Books
Holdings
Lost status Source of classification or shelving scheme Damaged status Not for loan Collection code Permanent Location Current Location Shelving location Date acquired Full call number Date last seen Copy number Koha item type
  Dewey Decimal Classification   Not For Loan Non-fiction Central Library, University of Rajshahi Central Library, University of Rajshahi Reading Room 16/07/1976 A 305.809171 COS 1954 19/12/2023 C-1 Books